| 000 | 00000nam 2200000za 4500 |
| 001 | 9.817134 |
| 003 | CaOODSP |
| 005 | 20221107142415 |
| 007 | cr ||||||||||| |
| 008 | 160506s2016 onc ol f000 0 fre d |
| 040 | |aCaOODSP|bfre |
| 041 | |afre|aeng |
| 043 | |an-cn--- |
| 086 | 1 |aXB421-269/1-PDF |
| 110 | 1 |aCanada. |bParlement. |bChambre des communes. |
| 245 | 13|aAn Act to amend the Criminal Code and the Controlled Drugs and Substances Act (sentencing) and to make consequential amendments to another Act |h[ressource électronique] = |bLoi modifiant le Code criminel et la Loi réglementant certaines drogues et autres substances (détermination de la peine) et apportant des modifications corrélatives à une autre loi. |
| 246 | 11|aLoi modifiant le Code criminel et la Loi réglementant certaines drogues et autres substances (détermination de la peine) et apportant des modifications corrélatives à une autre loi |
| 260 | |a[Ottawa] : |bChambre des communes, |c2016. |
| 300 | |aii, 11 p. |
| 490 | 1 |aProjet de loi C- ... ; |vProjet de loi C-269, 1re session, 42e législature |
| 500 | |aPremière lecture le 5 mai 2016. |
| 520 | |aLe texte modifie le Code criminel et la Loi réglementant certaines drogues et autres substances afin d’éliminer les peines minimales visant certaines infractions. Il apporte aussi des modifications corrélatives à la Loi sur le casier judiciaire. |
| 546 | |aTexte en anglais et en français. |
| 692 | 07|2gccst|aCode criminel |
| 692 | 07|2gccst|aCasier judiciaire |
| 692 | 07|2gccst|aInfraction |
| 692 | 07|2gccst|aLégislation |
| 791 | |tAn Act to amend the Criminal Code and the Controlled Drugs and Substances Act (sentencing) and to make consequential amendments to another Act |eeng|w(CaOODSP)9.817131 |
| 830 | #0|aProjet de loi C-...|vProjet de loi C-269, 1re session, 42e législature|w(CaOODSP)9.500660 |
| 856 | 40|s286 Ko|uhttps://publications.gc.ca/collections/collection_2016/parl/XB421-269-1.pdf|qPDF |